Academics and entrepreneurs : Developing university-industry relations
Gespeichert in:
| 1. Verfasser: | |
|---|---|
| Format: | Buch |
| Sprache: | Undetermined |
| Veröffentlicht: |
London
Frances Pinter
1986
|
| Schlagworte: | |
| Tags: |
Tag hinzufügen
Keine Tags, Fügen Sie den ersten Tag hinzu!
|
| Thư viện lưu trữ: | Trung tâm Học liệu Trường Đại học Cần Thơ |
|---|
| LEADER | 00533nam a2200193Ia 4500 | ||
|---|---|---|---|
| 001 | CTU_86625 | ||
| 008 | 210402s9999 xx 000 0 und d | ||
| 082 | |a 338 | ||
| 082 | |b S784 | ||
| 100 | |a Stankiewicz, Rikard | ||
| 245 | 0 | |a Academics and entrepreneurs : | |
| 245 | 0 | |b Developing university-industry relations | |
| 245 | 0 | |c Rikard Stankiewicz | |
| 260 | |a London | ||
| 260 | |b Frances Pinter | ||
| 260 | |c 1986 | ||
| 650 | |a Research, industrial | ||
| 904 | |i Năm | ||
| 980 | |a Trung tâm Học liệu Trường Đại học Cần Thơ | ||